Statistics for Space Bodies with Magnetospheres

Click here to take the quiz!

General Stats

  • This quiz has been taken 12 times
  • The average score is 7 of 8

Answer Stats

BodyAnswer% Correct
PlanetEarth
100%
PlanetJupiter
100%
PlanetNeptune
100%
PlanetSaturn
100%
PlanetUranus
100%
PlanetMercury
89%
MoonGanymede
56%
ExoplanetHAT-P-11b
22%

Score Distribution

Percentile by Number Answered

Percent of People with Each Score

Your Score History

You have not taken this quiz